[Event "Madrid ch Veteranos 2324"]
[Site "Madrid ESP"]
[Date "2024.03.15"]
[Round "5.25"]
[White "Lopez Heras, Arturo"]
[Black "Jimenez Ascarza, Jose Ignacio"]
[Result "1-0"]
[WhiteElo "1814"]
[BlackElo "1755"]
[PlyCount "112"]
[EventDate "2024.03.11"]
[EventType "swiss"]
[EventRounds "9"]
[EventCountry "ESP"]
[SourceTitle "Ajedrez en Madrid"]
[Source "lmi"]
[SourceDate "2024.03.11"]
[SourceVersion "1"]
[SourceVersionDate "2024.03.23"]
[SourceQuality "1"]

1. e4 c5 2. Nf3 e6 3. d4 cxd4 4. Nxd4 Nc6 5. Nc3 Qc7 6. Ndb5 Qb8 7. Be3 a6 8.
Nd4 Qc7 9. Be2 b5 10. O-O Nf6 11. a3 Bb7 12. f4 Bc5 13. Bf3 d6 14. Kh1 O-O 15.
e5 dxe5 16. Nxe6 fxe6 17. Bxc5 Rfd8 18. Qe1 Nd4 19. Bxd4 exd4 20. Qxe6+ Kh8 21.
Bxb7 Qxb7 22. Nd1 Re8 23. Qf5 Re2 24. Nf2 Rae8 25. Kg1 Qc6 26. Rac1 Nd5 27. Qh3
Rxc2 28. Rxc2 Qxc2 29. Qd7 Nf6 30. Qxd4 Qc6 31. Qd2 h6 32. Rc1 Qb6 33. Kf1 Rd8
34. Qc3 Nd5 35. Qe5 Ne3+ 36. Kg1 Ng4 37. Qc5 Qxc5 38. Rxc5 Nxf2 39. Kxf2 Rd2+
40. Kf3 Rxb2 41. Rc3 a5 42. h4 a4 43. Rc5 Rb3+ 44. Kg4 Kh7 45. f5 b4 46. axb4
Rxb4+ 47. Kh5 a3 48. Ra5 Rb3 49. g4 Rg3 50. Ra7 Rf3 51. Ra5 Rg3 52. g5 hxg5 53.
hxg5 Rh3+ 54. Kg4 Rb3 55. Ra8 Rc3 56. g6+ Kh6 1-0

[Event "Madrid ch Veteranos 2324"]
[Site "Madrid ESP"]
[Date "2024.03.15"]
[Round "5.26"]
[White "Ramos Antona, Enrique"]
[Black "Perez Hernandez, Alfonso"]
[Result "0-1"]
[WhiteElo "1736"]
[BlackElo "1795"]
[PlyCount "70"]
[EventDate "2024.03.11"]
[EventType "swiss"]
[EventRounds "9"]
[EventCountry "ESP"]
[SourceTitle "Ajedrez en Madrid"]
[Source "lmi"]
[SourceDate "2024.03.11"]
[SourceVersion "1"]
[SourceVersionDate "2024.03.23"]
[SourceQuality "1"]

1. Nf3 c5 2. c4 Nc6 3. g3 e5 4. d3 g6 5. b3 Bg7 6. Bb2 Nge7 7. Bg2 O-O 8. O-O
e4 9. Bxg7 exf3 10. Bxf8 fxg2 11. Kxg2 Qxf8 12. e3 Qh6 13. Qf3 d6 14. Rh1 Qh3+
15. Kg1 Bg4 16. Qf4 Ne5 17. Nd2 N7c6 18. f3 Nxd3 19. Qxg4 Qh6 20. f4 Re8 21.
Qe2 Qg7 22. Rf1 Ndb4 23. Qf3 Qc3 24. Ne4 Qc2 25. Nxd6 Rd8 26. Rf2 Qc3 27. Ne4
Qg7 28. Kg2 Nd3 29. Rd2 f5 30. Nxc5 Nxf4+ 31. Qxf4 Rxd2+ 32. Kh3 Ne5 33. Ne6
Qf6 34. Nd4 g5 35. Qxf5 Qh6# 0-1

[Event "Madrid ch Veteranos 2324"]
[Site "Madrid ESP"]
[Date "2024.03.15"]
[Round "5.27"]
[White "Arjona Anchoriz, Ignacio"]
[Black "Hernandez Gutierrez, Jose"]
[Result "0-1"]
[WhiteElo "1606"]
[BlackElo "1825"]
[PlyCount "92"]
[EventDate "2024.03.11"]
[EventType "swiss"]
[EventRounds "9"]
[EventCountry "ESP"]
[SourceTitle "Ajedrez en Madrid"]
[Source "lmi"]
[SourceDate "2024.03.11"]
[SourceVersion "1"]
[SourceVersionDate "2024.03.23"]
[SourceQuality "1"]

1. d4 d5 2. Nf3 Nf6 3. e3 Bf5 4. Bd3 Bxd3 5. Qxd3 c6 6. O-O e6 7. Nbd2 Bd6 8.
Re1 Nbd7 9. e4 dxe4 10. Nxe4 Nxe4 11. Rxe4 Nf6 12. Re1 O-O 13. Bg5 h6 14. Bxf6
Qxf6 15. Qb3 b6 16. Ne5 Rfc8 17. c3 c5 18. Nc4 Bf8 19. Ne5 cxd4 20. Nd7 Qf4 21.
Nxf8 Rxf8 22. Qa4 Qd2 23. cxd4 Qxb2 24. Rab1 Qd2 25. Rbd1 Qg5 26. Re3 Rfd8 27.
Rg3 Qe7 28. Qb3 Rd5 29. Qf3 Rad8 30. Qf4 Kh8 31. h3 Qe8 32. Rg4 R8d7 33. Rd3
Qd8 34. h4 e5 35. Qg3 Qf8 36. Qe3 f5 37. Rg6 Rxd4 38. Rxd4 exd4 39. Qe5 d3 40.
Rxh6+ Kg8 41. Re6 Rd8 42. Qe1 d2 43. Qd1 Qf7 44. Re5 Qxa2 45. Rxf5 Qe6 46. Qf3
d1=Q+ 0-1

[Event "Madrid ch Veteranos 2324"]
[Site "Madrid ESP"]
[Date "2024.03.15"]
[Round "5.28"]
[White "Serrano Garcia, Vicente"]
[Black "Benito Mellado, Humberto"]
[Result "1-0"]
[WhiteElo "1836"]
[BlackElo "1612"]
[PlyCount "101"]
[EventDate "2024.03.11"]
[EventType "swiss"]
[EventRounds "9"]
[EventCountry "ESP"]
[SourceTitle "Ajedrez en Madrid"]
[Source "lmi"]
[SourceDate "2024.03.11"]
[SourceVersion "1"]
[SourceVersionDate "2024.03.23"]
[SourceQuality "1"]

1. d4 d5 2. Nf3 Nf6 3. Bg5 Bg4 4. Nbd2 Nbd7 5. e3 e6 6. Bd3 c5 7. c3 Be7 8. Qa4
c4 9. Be2 a6 10. h3 b5 11. Qd1 Bxf3 12. Bxf3 h6 13. Bf4 Nf8 14. e4 Ng6 15. Bg3
Ra7 16. Qe2 b4 17. exd5 exd5 18. O-O bxc3 19. bxc3 O-O 20. a4 Bd6 21. Bxd6 Qxd6
22. Qd1 Re8 23. Re1 Rxe1+ 24. Qxe1 Re7 25. Qd1 a5 26. Nf1 Nh4 27. Ne3 Nxf3+ 28.
Qxf3 Re4 29. g3 g6 30. Rb1 Re8 31. Rb5 Qa3 32. Qxf6 Qxc3 33. Rb7 Rf8 34. Nxd5
Qe1+ 35. Kg2 Qe4+ 36. Qf3 Qxd4 37. Ne7+ Kg7 38. Nc6 Qc5 39. Nd8 Qe5 40. Rxf7+
Rxf7 41. Qxf7+ Kh8 42. Qf8+ Kh7 43. Qf7+ Kh8 44. Qxc4 Qe8 45. Qd5 Qxa4 46. Qe5+
Kh7 47. Qe7+ Kh8 48. Qf8+ Kh7 49. Qf7+ Kh8 50. Qxg6 Qd7 51. Nf7+ 1-0

[Event "Madrid ch Veteranos 2324"]
[Site "Madrid ESP"]
[Date "2024.03.15"]
[Round "5.29"]
[White "Martinez Miura, Enrique"]
[Black "Camarero Izquierdo, Juan Carlos"]
[Result "1-0"]
[WhiteElo "1696"]
[BlackElo "1813"]
[PlyCount "120"]
[EventDate "2024.03.11"]
[EventType "swiss"]
[EventRounds "9"]
[EventCountry "ESP"]
[SourceTitle "Ajedrez en Madrid"]
[Source "lmi"]
[SourceDate "2024.03.11"]
[SourceVersion "1"]
[SourceVersionDate "2024.03.23"]
[SourceQuality "1"]

1. e4 c5 2. Nf3 d6 3. d4 cxd4 4. Nxd4 Nf6 5. Nc3 a6 6. Be2 e6 7. O-O Nbd7 8.
Be3 Qc7 9. Qd2 b5 10. a3 Bb7 11. f3 Rc8 12. Rac1 d5 13. exd5 Nxd5 14. Nxd5 Bxd5
15. Kh1 Bd6 16. f4 O-O 17. Bf3 Nf6 18. g3 Qb7 19. Qg2 Bc5 20. Bxd5 Nxd5 21. Bf2
Qb6 22. c3 Bxd4 23. Bxd4 Qc7 24. Rce1 Qd7 25. Re5 f5 26. Rfe1 Rc6 27. Qe2 Rf6
28. Qf3 Rh6 29. R5e2 Rg6 30. Qf2 h5 31. h4 Rg4 32. Be5 Qf7 33. Rd2 Kh7 34. Qf3
Rc4 35. Rd4 Qg6 36. Kh2 Rc8 37. Rd2 Qf7 38. Bd4 Rc6 39. Be5 Rc4 40. Rd4 Rc8 41.
Rd2 Qe8 42. Bxg7 Nxf4 43. Bf6 Ng6 44. Qb7+ Ne7 45. Qxe7+ Qxe7 46. Bxe7 f4 47.
gxf4 Rxf4 48. Rxe6 a5 49. Bg5 Rf7 50. Re7 Rxe7 51. Bxe7 Kg6 52. Bg5 Rc5 53. Kg3
Kf5 54. Bd8 a4 55. Bb6 Rc6 56. Rd5+ Ke6 57. Rxb5 Rc4 58. Rxh5 Kd6 59. Bd4 Rc8
60. Rh8 Rc4 1-0

[Event "Madrid ch Veteranos 2324"]
[Site "Madrid ESP"]
[Date "2024.03.15"]
[Round "5.31"]
[White "Menendez Domens, Juan Manuel"]
[Black "Villodre Miranda, Juan Alonso"]
[Result "1-0"]
[WhiteElo "1651"]
[BlackElo "1727"]
[PlyCount "39"]
[EventDate "2024.03.11"]
[EventType "swiss"]
[EventRounds "9"]
[EventCountry "ESP"]
[SourceTitle "Ajedrez en Madrid"]
[Source "lmi"]
[SourceDate "2024.03.11"]
[SourceVersion "1"]
[SourceVersionDate "2024.03.23"]
[SourceQuality "1"]

1. d4 d5 2. Nf3 c6 3. e3 e6 4. Bd3 f5 5. Ne5 Nf6 6. Nd2 g6 7. Ndf3 Bg7 8. Ng5
O-O 9. h4 Ne4 10. f4 Ng3 11. Rh3 Nh5 12. Be2 Qe8 13. Bxh5 gxh5 14. Rg3 Kh8 15.
Nef7+ Rxf7 16. Qxh5 Kg8 17. Qxh7+ Kf8 18. Nxf7 Qxf7 19. b3 Bf6 20. Ba3+ 1-0

[Event "Madrid ch Veteranos 2324"]
[Site "Madrid ESP"]
[Date "2024.03.15"]
[Round "5.32"]
[White "Perales Hernandez, Manuel"]
[Black "Ortega Molina, Tomas"]
[Result "0-1"]
[WhiteElo "1594"]
[BlackElo "1716"]
[PlyCount "128"]
[EventDate "2024.03.11"]
[EventType "swiss"]
[EventRounds "9"]
[EventCountry "ESP"]
[SourceTitle "Ajedrez en Madrid"]
[Source "lmi"]
[SourceDate "2024.03.11"]
[SourceVersion "1"]
[SourceVersionDate "2024.03.23"]
[SourceQuality "1"]

1. e4 c5 2. Bc4 e6 3. Nf3 Nc6 4. O-O d5 5. exd5 exd5 6. Re1+ Be7 7. Bb5 Bd7 8.
Nc3 Nf6 9. d4 O-O 10. dxc5 Be6 11. Bxc6 bxc6 12. b4 Qc7 13. Nd4 Ng4 14. g3 Ne5
15. Bf4 Bf6 16. Qh5 g5 17. Bxe5 Bxe5 18. Qxg5+ Bg7 19. Nxe6 fxe6 20. Rxe6 Qf7
21. Re2 Kh8 22. Qd2 d4 23. Ne4 d3 24. Ng5 Qd5 25. Ree1 Bxa1 26. Rxa1 Rf5 27. h4
Raf8 28. Nh3 Rf3 29. Nf4 Qd4 30. c3 Rxg3+ 31. Kh2 Qxf4 32. Qxf4 Rxf4 33. fxg3
Rf2+ 34. Kg1 Rc2 35. Re1 d2 36. Re8+ Kg7 37. Rd8 Rc1+ 38. Kf2 d1=Q 39. Rxd1
Rxd1 40. Ke3 Kf6 41. g4 Ke5 42. a4 Kd5 43. g5 Rh1 44. h5 Rxh5 45. Kf4 Rh4+ 46.
Kf5 Kc4 47. Ke5 Rh5 48. Kd6 Rxg5 49. Kxc6 Rg7 50. b5 h6 51. a5 Rg5 52. Kb7 Rxc5
53. b6 axb6 54. axb6 h5 55. Ka6 Rb5 56. b7 Rxb7 57. Kxb7 h4 58. Kc6 h3 59. Kb6
h2 60. Ka5 h1=Q 61. Ka6 Qb1 62. Ka7 Kc5 63. Ka8 Kc6 64. Ka7 Qb7# 0-1

[Event "Madrid ch Veteranos 2324"]
[Site "Madrid ESP"]
[Date "2024.03.15"]
[Round "5.34"]
[White "Vasquez Escobar, Andres Eloy"]
[Black "Hortelano Hap, Ramon"]
[Result "0-1"]
[WhiteElo "1626"]
[BlackElo "1680"]
[PlyCount "50"]
[EventDate "2024.03.11"]
[EventType "swiss"]
[EventRounds "9"]
[EventCountry "ESP"]
[SourceTitle "Ajedrez en Madrid"]
[Source "lmi"]
[SourceDate "2024.03.11"]
[SourceVersion "1"]
[SourceVersionDate "2024.03.23"]
[SourceQuality "1"]

1. d4 Nf6 2. c4 g6 3. Nc3 d5 4. cxd5 Nxd5 5. e4 Nxc3 6. bxc3 Bg7 7. Rb1 c5 8.
Be3 O-O 9. f3 Nc6 10. Ne2 cxd4 11. cxd4 Qa5+ 12. Qd2 Qxd2+ 13. Kxd2 Nxd4 14.
Nxd4 Rd8 15. Kc3 Be6 16. Bb5 Rac8+ 17. Kd3 a6 18. Bxa6 bxa6 19. Rb4 a5 20. Ra4
Rc5 21. Ke2 Bc4+ 22. Rxc4 Rxc4 23. Nb3 Rc2+ 24. Bd2 a4 25. Rc1 axb3 0-1

[Event "Madrid ch Veteranos 2324"]
[Site "Madrid ESP"]
[Date "2024.03.15"]
[Round "5.35"]
[White "Montero Montero, Juan Jose"]
[Black "Conchillo Roman, Jose Ignacio"]
[Result "1-0"]
[WhiteElo "1779"]
[BlackElo "1718"]
[PlyCount "74"]
[EventDate "2024.03.11"]
[EventType "swiss"]
[EventRounds "9"]
[EventCountry "ESP"]
[SourceTitle "Ajedrez en Madrid"]
[Source "lmi"]
[SourceDate "2024.03.11"]
[SourceVersion "1"]
[SourceVersionDate "2024.03.23"]
[SourceQuality "1"]

1. e4 c5 2. Nf3 d6 3. Bb5+ Bd7 4. Bxd7+ Nxd7 5. O-O Ngf6 6. Re1 g6 7. d3 Bg7 8.
c3 O-O 9. h3 Qc7 10. Be3 Rfe8 11. Bf4 e5 12. Bd2 a6 13. c4 b5 14. cxb5 axb5 15.
a4 b4 16. b3 d5 17. Bg5 dxe4 18. dxe4 c4 19. bxc4 Qxc4 20. Nbd2 Qd3 21. Qb3
Qxb3 22. Nxb3 Rec8 23. Nfd2 Nc5 24. f3 Rxa4 25. Nxc5 Rxa1 26. Rxa1 h6 27. Bxf6
Rxc5 28. Bxg7 Kxg7 29. Rb1 Rc2 30. Nb3 f5 31. exf5 gxf5 32. Na5 Rc5 33. Nb7 Rb5
34. Nd6 Rb6 35. Nxf5+ Kf6 36. Ne3 Ke6 37. Rb3 Kd6 1-0

[Event "Madrid ch Veteranos 2324"]
[Site "Madrid ESP"]
[Date "2024.03.18"]
[Round "6.1"]
[White "Longa Yauca, Javier"]
[Black "Grabuzova, Tatiana"]
[Result "1/2-1/2"]
[WhiteElo "2238"]
[BlackElo "2216"]
[PlyCount "35"]
[EventDate "2024.03.11"]
[EventType "swiss"]
[EventRounds "9"]
[EventCountry "ESP"]
[SourceTitle "Ajedrez en Madrid"]
[Source "lmi"]
[SourceDate "2024.03.11"]
[SourceVersion "1"]
[SourceVersionDate "2024.03.23"]
[SourceQuality "1"]

1. c4 e6 2. Nc3 d5 3. d4 c5 4. cxd5 cxd4 5. Qxd4 Nc6 6. Qa4 exd5 7. e3 Nf6 8.
Nf3 Bc5 9. a3 O-O 10. Be2 Bf5 11. O-O a6 12. b4 Bb6 13. Rd1 Qd6 14. b5 Ne5 15.
bxa6 bxa6 16. Bb2 Bc7 17. g3 Neg4 18. Rac1 1/2-1/2

[Event "Madrid ch Veteranos 2324"]
[Site "Madrid ESP"]
[Date "2024.03.18"]
[Round "6.2"]
[White "Martin Rodriguez, Emilio"]
[Black "Candela Perez, Jose"]
[Result "1/2-1/2"]
[WhiteElo "1998"]
[BlackElo "2301"]
[PlyCount "109"]
[EventDate "2024.03.11"]
[EventType "swiss"]
[EventRounds "9"]
[EventCountry "ESP"]
[SourceTitle "Ajedrez en Madrid"]
[Source "lmi"]
[SourceDate "2024.03.11"]
[SourceVersion "1"]
[SourceVersionDate "2024.03.23"]
[SourceQuality "1"]

1. d4 Nf6 2. Nf3 g6 3. Bg5 Bg7 4. Nbd2 O-O 5. c3 d6 6. e4 h6 7. Bh4 g5 8. Bg3
Nh5 9. Nc4 c5 10. dxc5 Nxg3 11. hxg3 dxc5 12. Qc2 Qc7 13. Ne3 Nc6 14. O-O-O a6
15. e5 Re8 16. Bc4 Nxe5 17. Nd5 Qd6 18. Nxe5 Qxe5 19. Rhe1 Bf5 20. Qd2 Be4 21.
f3 Bxd5 22. Rxe5 Bxc4 23. Rxc5 Bxa2 24. f4 Bb3 25. Re1 Rad8 26. Qe2 gxf4 27.
gxf4 Rd7 28. Re5 e6 29. Re4 Red8 30. Rb4 Bd5 31. Rd1 b5 32. Rbd4 Bxd4 33. Rxd4
f5 34. Qe5 Kf7 35. g4 Be4 36. Rxd7+ Rxd7 37. g5 hxg5 38. fxg5 Bd5 39. Qf6+ Kg8
40. b4 Rf7 41. Qg6+ Kf8 42. Qh6+ Kg8 43. g6 Rd7 44. Kd2 Rc7 45. Kd3 e5 46. Qh2
Be4+ 47. Kd2 Rd7+ 48. Ke1 f4 49. Qe2 Bxg6 50. Qxe5 Rf7 51. Qe6 Kg7 52. Qxa6 Bd3
53. Qd6 Bc4 54. Kf2 f3 55. Qg3+ 1/2-1/2

[Event "Madrid ch Veteranos 2324"]
[Site "Madrid ESP"]
[Date "2024.03.18"]
[Round "6.3"]
[White "Pastor Alonso De Prado, Alberto"]
[Black "Sanchez Garcia, Aurelio"]
[Result "1/2-1/2"]
[WhiteElo "1951"]
[BlackElo "1951"]
[PlyCount "84"]
[EventDate "2024.03.11"]
[EventType "swiss"]
[EventRounds "9"]
[EventCountry "ESP"]
[SourceTitle "Ajedrez en Madrid"]
[Source "lmi"]
[SourceDate "2024.03.11"]
[SourceVersion "1"]
[SourceVersionDate "2024.03.23"]
[SourceQuality "1"]

1. e4 e6 2. d4 d5 3. e5 c5 4. c3 Nc6 5. Nf3 Bd7 6. Be2 Nge7 7. O-O Ng6 8. g3
cxd4 9. cxd4 Be7 10. h4 O-O 11. Nc3 f6 12. h5 Nh8 13. h6 g5 14. exf6 Bxf6 15.
Be3 Nf7 16. Qd2 Kh8 17. Kg2 Rg8 18. Rh1 Ne7 19. Bd3 Nf5 20. Rh5 g4 21. Ne5 Bxe5
22. dxe5 d4 23. Bxf5 dxe3 24. Qxe3 exf5 25. e6 Bc6+ 26. Kg1 Rg6 27. e7 Qd7 28.
Rd1 Qe6 29. Qd4+ Qf6 30. Rxf5 Qxd4 31. Rxd4 Rxh6 32. f3 Kg7 33. Rxf7+ Kxf7 34.
Rd8 Kxe7 35. Rxa8 Bxf3 36. Rxa7 Rh1+ 37. Kf2 Rh2+ 38. Ke3 Rxb2 39. Ra5 Kf6 40.
Kf4 Rb4+ 41. Ke3 Rb2 42. Kf4 Rb4+ 1/2-1/2

[Event "Madrid ch Veteranos 2324"]
[Site "Madrid ESP"]
[Date "2024.03.18"]
[Round "6.4"]
[White "Herrero Reques, Sergio"]
[Black "Ruiz Bellon, Manuel"]
[Result "1/2-1/2"]
[WhiteElo "2008"]
[BlackElo "1932"]
[PlyCount "65"]
[EventDate "2024.03.11"]
[EventType "swiss"]
[EventRounds "9"]
[EventCountry "ESP"]
[SourceTitle "Ajedrez en Madrid"]
[Source "lmi"]
[SourceDate "2024.03.11"]
[SourceVersion "1"]
[SourceVersionDate "2024.03.23"]
[SourceQuality "1"]

1. d4 d6 2. Nf3 g6 3. g3 Bg7 4. Bg2 f5 5. b3 Nf6 6. O-O O-O 7. Bb2 c6 8. c4 Qe8
9. d5 e5 10. dxe6 Bxe6 11. Ng5 Na6 12. Nc3 Rd8 13. Ba3 Nc5 14. Rc1 h6 15. Nxe6
Qxe6 16. Qc2 Nfe4 17. Nxe4 Nxe4 18. e3 Qe5 19. Rcd1 Rfe8 20. Bxe4 fxe4 21. Rd2
h5 22. Bb2 Qxb2 23. Qxb2 Bxb2 24. Rxb2 d5 25. Rc1 dxc4 26. Rxc4 Kf7 27. b4 Rd5
28. a4 a6 29. Kg2 Kf6 30. h3 Kf5 31. Rbc2 Ree5 32. Rb2 Rd3 33. h4 1/2-1/2

[Event "Madrid ch Veteranos 2324"]
[Site "Madrid ESP"]
[Date "2024.03.18"]
[Round "6.5"]
[White "Largo Barbero, Benito"]
[Black "Luque Ibanes, Manuel"]
[Result "1/2-1/2"]
[WhiteElo "1897"]
[BlackElo "1983"]
[PlyCount "59"]
[EventDate "2024.03.11"]
[EventType "swiss"]
[EventRounds "9"]
[EventCountry "ESP"]
[SourceTitle "Ajedrez en Madrid"]
[Source "lmi"]
[SourceDate "2024.03.11"]
[SourceVersion "1"]
[SourceVersionDate "2024.03.23"]
[SourceQuality "1"]

1. d4 d6 2. Bf4 Nf6 3. e3 g6 4. Nd2 Bg7 5. Bc4 O-O 6. Ngf3 a6 7. c3 b5 8. Bb3
Bb7 9. h4 h5 10. Ng5 c5 11. Ndf3 Nc6 12. Rh3 cxd4 13. exd4 e5 14. Nxf7 Rxf7 15.
Bxf7+ Kxf7 16. Ng5+ Kg8 17. Qb3+ d5 18. dxe5 Na5 19. Qc2 Ne4 20. O-O-O Nxg5 21.
Bxg5 Qe8 22. f4 Bc8 23. Re3 Be6 24. Rd4 Rc8 25. Kd1 Qf7 26. Ke1 Bf8 27. b4 Nc4
28. Re2 Bg4 29. Rf2 Bf5 30. Qc1 1/2-1/2

[Event "Madrid ch Veteranos 2324"]
[Site "Madrid ESP"]
[Date "2024.03.18"]
[Round "6.6"]
[White "Ramos Fernandez, Pedro"]
[Black "Martin Martin, Luis Vicente"]
[Result "1/2-1/2"]
[WhiteElo "1981"]
[BlackElo "1938"]
[PlyCount "58"]
[EventDate "2024.03.11"]
[EventType "swiss"]
[EventRounds "9"]
[EventCountry "ESP"]
[SourceTitle "Ajedrez en Madrid"]
[Source "lmi"]
[SourceDate "2024.03.11"]
[SourceVersion "1"]
[SourceVersionDate "2024.03.23"]
[SourceQuality "1"]

1. d4 d5 2. c4 dxc4 3. Nf3 Nf6 4. e3 e6 5. Bxc4 c5 6. O-O a6 7. Qe2 b5 8. Bb3
Bb7 9. Rd1 Nbd7 10. Nc3 Rc8 11. d5 Nxd5 12. Bxd5 Bxd5 13. e4 Bc6 14. Ne5 Qc7
15. Nxd7 Bxd7 16. Qg4 g6 17. Bf4 e5 18. Qg5 Be7 19. Qxe5 Qxe5 20. Bxe5 f6 21.
Bd6 Be6 22. Bxe7 Kxe7 23. Nd5+ Bxd5 24. Rxd5 Rhd8 25. Rad1 Rxd5 26. Rxd5 Rd8
27. Rxd8 Kxd8 28. f4 g5 29. g3 Kd7 1/2-1/2

[Event "Madrid ch Veteranos 2324"]
[Site "Madrid ESP"]
[Date "2024.03.18"]
[Round "6.7"]
[White "Garcia Martin, Esteban"]
[Black "Lopez de Turiso Sanchez, Jose An"]
[Result "1-0"]
[WhiteElo "1895"]
[BlackElo "1940"]
[PlyCount "119"]
[EventDate "2024.03.11"]
[EventType "swiss"]
[EventRounds "9"]
[EventCountry "ESP"]
[SourceTitle "Ajedrez en Madrid"]
[Source "lmi"]
[SourceDate "2024.03.11"]
[SourceVersion "1"]
[SourceVersionDate "2024.03.23"]
[SourceQuality "1"]

1. c4 f5 2. e4 fxe4 3. Nc3 Nf6 4. g4 e6 5. g5 Ng8 6. d3 Bb4 7. dxe4 Nc6 8. Nf3
e5 9. c5 Nge7 10. Bc4 Na5 11. Nxe5 Nxc4 12. Nxc4 Bxc5 13. Be3 Bxe3 14. Nxe3 d6
15. Qb3 Bd7 16. O-O-O Bc6 17. Rhe1 Ng6 18. e5 Qxg5 19. Qe6+ Qe7 20. Qxe7+ Kxe7
21. exd6+ cxd6 22. Nf5+ Kf6 23. Nxd6 Rhd8 24. Nce4+ Bxe4 25. Nxe4+ Kf5 26. Nd6+
Kf6 27. Nxb7 Rac8+ 28. Kb1 Rxd1+ 29. Rxd1 Rc7 30. Nd6 Ke5 31. b3 Nf4 32. Nc4+
Ke4 33. Rd2 g5 34. Rc2 Rd7 35. f3+ Kf5 36. Rd2 Rxd2 37. Nxd2 Nd3 38. Kc2 Nb4+
39. Kb2 Kf4 40. a3 Nd3+ 41. Kc3 Ne5 42. b4 Nxf3 43. Nxf3 Kxf3 44. a4 Ke4 45.
Kc4 g4 46. b5 h5 47. a5 h4 48. b6 axb6 49. a6 Kf3 50. a7 b5+ 51. Kd3 Kg2 52.
a8=Q+ Kxh2 53. Qa2+ Kh3 54. Ke3 b4 55. Kf2 b3 56. Qxb3+ Kh2 57. Qc4 g3+ 58. Kf3
h3 59. Qg4 g2 60. Kf2 1-0

[Event "Madrid ch Veteranos 2324"]
[Site "Madrid ESP"]
[Date "2024.03.18"]
[Round "6.8"]
[White "Gil Sierra, Jacinto"]
[Black "Alonso Abad, Enrique"]
[Result "1/2-1/2"]
[WhiteElo "1877"]
[BlackElo "1939"]
[PlyCount "111"]
[EventDate "2024.03.11"]
[EventType "swiss"]
[EventRounds "9"]
[EventCountry "ESP"]
[SourceTitle "Ajedrez en Madrid"]
[Source "lmi"]
[SourceDate "2024.03.11"]
[SourceVersion "1"]
[SourceVersionDate "2024.03.23"]
[SourceQuality "1"]

1. e4 e6 2. d4 d5 3. Nc3 Nf6 4. Bg5 Be7 5. e5 Nfd7 6. Bxe7 Qxe7 7. Qd2 a6 8. f4
c5 9. Nf3 Nc6 10. O-O-O b5 11. dxc5 Nxc5 12. Nd4 Nxd4 13. Qxd4 b4 14. Nb1 Bb7
15. Nd2 O-O 16. h4 a5 17. Kb1 Rfc8 18. Rh3 Na4 19. Nb3 Qc7 20. Rc1 Nb6 21. c3
Nc4 22. Nd2 Ba6 23. Bxc4 dxc4 24. Ne4 Bb7 25. Nd6 Rd8 26. cxb4 axb4 27. Qxc4
Qxc4 28. Rxc4 Bxg2 29. Rg3 Bd5 30. Rxb4 Bxa2+ 31. Kc2 Bd5 32. Ra3 Kf8 33. Rba4
Rxa4 34. Rxa4 f6 35. b4 fxe5 36. fxe5 Rd7 37. b5 g6 38. b6 h6 39. Rf4+ Kg7 40.
Rb4 g5 41. hxg5 h5 42. Kd2 Kg6 43. Ke3 Kxg5 44. b7 Bxb7 45. Nxb7 Rd5 46. Ke4
Rd1 47. Nd6 Rf1 48. Rb8 Re1+ 49. Kf3 Kh4 50. Ne4 Rf1+ 51. Kg2 Rf5 52. Rb5 Kg4
53. Ng3 Rf4 54. Rb8 Ra4 55. Rg8+ Kf4 56. Nxh5+ 1/2-1/2

[Event "Madrid ch Veteranos 2324"]
[Site "Madrid ESP"]
[Date "2024.03.18"]
[Round "6.9"]
[White "Garcia Galeote, Lorenzo"]
[Black "Gonzalez Rivera, Eduardo"]
[Result "1/2-1/2"]
[WhiteElo "1860"]
[BlackElo "1999"]
[PlyCount "81"]
[EventDate "2024.03.11"]
[EventType "swiss"]
[EventRounds "9"]
[EventCountry "ESP"]
[SourceTitle "Ajedrez en Madrid"]
[Source "lmi"]
[SourceDate "2024.03.11"]
[SourceVersion "1"]
[SourceVersionDate "2024.03.23"]
[SourceQuality "1"]

1. d4 d5 2. Bf4 Nf6 3. e3 e6 4. Nf3 Bd6 5. Bg3 O-O 6. Bd3 c5 7. c3 Qc7 8. Ne5
b6 9. Nd2 Ba6 10. Bb1 Nbd7 11. f4 b5 12. a3 Rfc8 13. Bh4 Be7 14. Ndf3 Nf8 15.
Ng5 cxd4 16. exd4 N6d7 17. Qh5 g6 18. Qh6 Nxe5 19. fxe5 f5 20. exf6 Bxf6 21.
Nf3 Bg7 22. Qd2 Nd7 23. Bd3 e5 24. Bg3 Re8 25. dxe5 Nxe5 26. Nxe5 Bxe5 27. O-O
Bxg3 28. hxg3 Bb7 29. Qf4 Qb6+ 30. Qd4 Qxd4+ 31. cxd4 a6 32. Rae1 Rxe1 33. Rxe1
Kf7 34. Kf2 Rc8 35. Kf3 Bc6 36. g4 h6 37. Rh1 Kg7 38. Re1 Kf6 39. Kg3 Re8 40.
Rxe8 Bxe8 41. Kf4 1/2-1/2

[Event "Madrid ch Veteranos 2324"]
[Site "Madrid ESP"]
[Date "2024.03.18"]
[Round "6.10"]
[White "Barraza Caracuel, Ignacio"]
[Black "Rodriguez Valdeavero, Julio Cesa"]
[Result "1-0"]
[WhiteElo "2049"]
[BlackElo "1887"]
[PlyCount "75"]
[EventDate "2024.03.11"]
[EventType "swiss"]
[EventRounds "9"]
[EventCountry "ESP"]
[SourceTitle "Ajedrez en Madrid"]
[Source "lmi"]
[SourceDate "2024.03.11"]
[SourceVersion "1"]
[SourceVersionDate "2024.03.23"]
[SourceQuality "1"]

1. d4 Nf6 2. Nf3 e6 3. g3 c5 4. Bg2 cxd4 5. O-O Be7 6. Nxd4 a6 7. c4 Qc7 8. b3
d6 9. Bb2 O-O 10. Nc3 Nbd7 11. e4 Rb8 12. Rc1 Re8 13. Qe2 Nf8 14. Rfd1 Bd7 15.
h3 Qa5 16. a3 Qh5 17. Qxh5 Nxh5 18. Nc2 Nf6 19. Ne3 Bc6 20. b4 Rec8 21. a4 b6
22. b5 Bb7 23. Ba3 axb5 24. e5 N6d7 25. exd6 Bf6 26. axb5 Bxg2 27. Kxg2 Ra8 28.
Bb4 g6 29. Ra1 Rxa1 30. Rxa1 Ne5 31. Ne4 Bg7 32. Ra7 Nxc4 33. d7 Nxe3+ 34. fxe3
Rd8 35. Bxf8 Kxf8 36. Nd6 Bh6 37. Kf3 Rb8 38. Rc7 1-0

[Event "Madrid ch Veteranos 2324"]
[Site "Madrid ESP"]
[Date "2024.03.18"]
[Round "6.11"]
[White "Lorenzo Bailador, Alfredo"]
[Black "Martinez Pintor, Juan"]
[Result "1-0"]
[WhiteElo "1935"]
[BlackElo "1728"]
[PlyCount "27"]
[EventDate "2024.03.11"]
[EventType "swiss"]
[EventRounds "9"]
[EventCountry "ESP"]
[SourceTitle "Ajedrez en Madrid"]
[Source "lmi"]
[SourceDate "2024.03.11"]
[SourceVersion "1"]
[SourceVersionDate "2024.03.23"]
[SourceQuality "1"]

1. e4 e6 2. d4 d5 3. exd5 exd5 4. Bd3 Nf6 5. Nf3 Bg4 6. h3 Bxf3 7. Qxf3 h6 8.
O-O Be7 9. Qg3 Nh5 10. Qg4 Nf6 11. Qxg7 Rg8 12. Qxh6 Nc6 13. Re1 Nxd4 14. Qxf6
1-0